[Event "Copenhagen-ch"]
[Site "Taastrup"]
[Date "2020.09.25"]
[Round "1"]
[White "Stanislaus, Johann"]
[Black "Koch Mueller, Oscar"]
[Result "0-1"]
[WhiteElo "1840"]
[BlackElo "1948"]
[PlyCount "106"]
[EventDate "2020.09.25"]
[EventType "swiss"]
[EventRounds "5"]
[EventCountry "DEN"]
[SourceTitle "EXT 2021"]
[Source "ChessBase"]
[SourceDate "2020.10.23"]
[SourceVersion "1"]
[SourceVersionDate "2020.10.23"]
[SourceQuality "1"]

1. d4 Nf6 2. c4 e6 3. Nc3 Bb4 4. Qc2 0-0 5. Nf3 d5 6. a3 Bxc3+ 7. bxc3 Nbd7 8. e3 c5 9. cxd5 exd5 10. c4 Re8 11. Be2 cxd4 12. Nxd4 dxc4 13. Bxc4 Ne5 14. Be2 Be6 15. Nxe6 Rxe6 16. 0-0 Rc8 17. Rd1 Rxc2 18. Rxd8+ Re8 19. Rxe8+ Nxe8 20. Bd1 Rc5 21. Bb2 Nc6 22. Rc1 Rxc1 23. Bxc1 Nd6 24. Kf1 Kf8 25. Bf3 Ke7 26. Bd5 Nc8 27. Bb2 f6 28. Ke2 Kd6 29. Ba2 Kc5 30. f4 Nd6 31. Kd3 b5 32. Bg8 h6 33. g4 a5 34. h4 b4 35. a4 Nb7 36. g5 hxg5 37. hxg5 fxg5 38. fxg5 g6 39. Bf7 Ne7 40. Bd4+ Kc6 41. Be8+ Kd6 42. Kc4 Ke6 43. Kd3 Nd6 44. Bb5 Nxb5 45. axb5 Nf5 46. Ba7 Nd6 47. b6 Kd5 48. e4+ Kc6 49. e5 Nb7 50. Kc4 Nd8 51. Kb3 Kb7 52. Kc4 Ne6 53. Kb3 Nxg5 0-1

[Event "Aarhus op"]
[Site "Aarhus"]
[Date "2020.02.14"]
[Round "3"]
[White "Dumas, Charles"]
[Black "Stanislaus, Johann"]
[Result "1-0"]
[WhiteElo "2289"]
[BlackElo "1833"]
[PlyCount "75"]
[EventDate "2020.02.14"]
[EventType "swiss"]
[EventRounds "7"]
[EventCountry "DEN"]
[SourceTitle "CBM 195 Extra"]
[Source "ChessBase"]
[SourceDate "2020.05.31"]
[SourceVersion "1"]
[SourceVersionDate "2020.05.31"]
[SourceQuality "1"]

1. e4 c5 2. c3 e6 3. d4 d5 4. exd5 Qxd5 5. Nf3 Nf6 6. Be3 Nc6 7. dxc5 Qxd1+ 8. Kxd1 Be7 9. Nbd2 0-0 10. Nc4 Nd7 11. b4 Bf6 12. Nd4 Rd8 13. Nxc6 bxc6 14. Kc2 Ne5 15. Nxe5 Bxe5 16. Be2 a5 17. a3 Ba6 18. Bxa6 Rxa6 19. Rhd1 Rda8 20. Bd4 Bxd4 21. Rxd4 g6 22. Kb3 e5 23. Rd7 axb4 24. cxb4 Kg7 25. a4 Re8 26. Re1 Rea8 27. a5 Re8 28. Rc7 Kf6 29. Re3 e4 30. f3 Rb8 31. Kc4 Rd8 32. Rxe4 Rd1 33. Rf4+ Kg5 34. Rcxf7 h5 35. h4+ Kh6 36. g4 Rc1+ 37. Kb3 hxg4 38. fxg4 1-0

[Event "Valby K41 Aabent-ch 1011"]
[Site "Valby"]
[Date "2011.03.02"]
[Round "7"]
[White "Stanislaus, Johann"]
[Black "Ibsen, Johan"]
[Result "0-1"]
[WhiteElo "1591"]
[BlackElo "1610"]
[PlyCount "64"]
[EventDate "2010.11.03"]
[EventType "swiss"]
[EventRounds "10"]
[EventCountry "DEN"]
[SourceTitle "EXT 2023"]
[Source "ChessBase"]
[SourceDate "2022.10.05"]
[SourceVersion "1"]
[SourceVersionDate "2022.10.05"]
[SourceQuality "1"]

1. d4 Nf6 2. c4 c5 3. d5 d6 4. Nc3 e6 5. e4 exd5 6. cxd5 g6 7. Qc2 Bg7 8. f3 0-0 9. Bf4 a6 10. a4 Qe7 11. 0-0-0 Nbd7 12. g4 Ne5 13. h3 Bd7 14. Qh2 Ne8 15. Qg3 Nc7 16. Kc2 b5 17. b3 bxa4 18. Nxa4 Bxa4 19. bxa4 Qd7 20. Bxe5 Qxa4+ 21. Kd2 Bxe5 22. f4 Qa2+ 23. Ke3 Bd4+ 24. Kf3 Rfb8 25. Rh2 Rb3+ 26. Rd3 Qa3 27. Kg2 Rab8 28. Kh1 c4 29. Rxb3 cxb3 30. Qd3 Bxg1 31. Kxg1 Qc5+ 32. Rf2 b2 0-1

[Event "Valby K41 Aabent-ch 1011"]
[Site "Valby"]
[Date "2011.03.01"]
[Round "9"]
[White "Stanislaus, Johann"]
[Black "Hojland, Ulrik"]
[Result "1-0"]
[WhiteElo "1591"]
[BlackElo "1813"]
[PlyCount "63"]
[EventDate "2010.11.03"]
[EventType "swiss"]
[EventRounds "10"]
[EventCountry "DEN"]
[SourceTitle "EXT 2023"]
[Source "ChessBase"]
[SourceDate "2022.10.05"]
[SourceVersion "1"]
[SourceVersionDate "2022.10.05"]
[SourceQuality "1"]

1. c4 Nf6 2. Nc3 g6 3. e4 d6 4. f4 e5 5. Nf3 Nc6 6. d3 Bg7 7. Rb1 a5 8. Be2 Nh5 9. Nd5 Bg4 10. 0-0 Nb4 11. fxe5 Nxd5 12. cxd5 dxe5 13. Ng5 Bxe2 14. Qxe2 0-0 15. g3 h6 16. Nf3 Qd7 17. Be3 f5 18. Nh4 Qe8 19. Bc5 Rf6 20. exf5 gxf5 21. Nxf5 b6 22. Ba3 Nf4 23. Ne7+ Qxe7 24. Rxf4 Qf7 25. Rxf6 Qxf6 26. Rf1 Qg6 27. Qe4 Qg5 28. d6 Rf8 29. Rxf8+ Bxf8 30. d7 Qc1+ 31. Kg2 Qd2+ 32. Kh3 1-0

[Event "Valby K41 Aabent-ch 1011"]
[Site "Valby"]
[Date "2011.02.08"]
[Round "8"]
[White "Rasmussen, Morten"]
[Black "Stanislaus, Johann"]
[Result "1-0"]
[WhiteElo "1707"]
[BlackElo "1591"]
[PlyCount "31"]
[EventDate "2010.11.03"]
[EventType "swiss"]
[EventRounds "10"]
[EventCountry "DEN"]
[SourceTitle "EXT 2023"]
[Source "ChessBase"]
[SourceDate "2022.10.05"]
[SourceVersion "1"]
[SourceVersionDate "2022.10.05"]
[SourceQuality "1"]

1. d4 d5 2. c4 c6 3. Nf3 dxc4 4. e3 b5 5. a4 a6 6. axb5 cxb5 7. b3 Bb7 8. bxc4 bxc4 9. Bxc4 Nf6 10. Ba3 Ne4 11. 0-0 Nd6 12. Bxd6 exd6 13. Qb3 Qd7 14. Nc3 Bxf3 15. gxf3 g5 16. Bb5 1-0

[Event "Valby K41 Aabent-ch 1011"]
[Site "Valby"]
[Date "2011.01.11"]
[Round "6"]
[White "Wadtland, Flemming"]
[Black "Stanislaus, Johann"]
[Result "1/2-1/2"]
[WhiteElo "1324"]
[BlackElo "1591"]
[PlyCount "100"]
[EventDate "2010.11.03"]
[EventType "swiss"]
[EventRounds "10"]
[EventCountry "DEN"]
[SourceTitle "EXT 2023"]
[Source "ChessBase"]
[SourceDate "2022.10.05"]
[SourceVersion "1"]
[SourceVersionDate "2022.10.05"]
[SourceQuality "1"]

1. Nf3 d5 2. d4 Nf6 3. g3 g6 4. Bf4 Nc6 5. c4 e6 6. cxd5 exd5 7. Nc3 a6 8. Bg2 Bg7 9. 0-0 0-0 10. h4 Nh5 11. Be3 f5 12. Ng5 Nf6 13. Bf4 h6 14. Nh3 Ne4 15. Qb3 Nxd4 16. Qxd5+ Qxd5 17. Nxd5 Nxe2+ 18. Kh1 Nxf4 19. Nhxf4 g5 20. Nxc7 Rb8 21. hxg5 hxg5 22. Nfe6 Rf7 23. Nxg7 Rxc7 24. Bxe4 fxe4 25. Ne8 Rh7+ 26. Kg1 Kf8 27. Nd6 Be6 28. Nxe4 Bd5 29. f3 Ke7 30. Rae1 Bxe4 31. Rxe4+ Kf6 32. Rd1 Rbh8 33. Rd6+ Kf7 34. Rd7+ Kf6 35. Rxh7 Rxh7 36. a4 a5 37. b4 b6 38. Rd4 Ke5 39. Re4+ Kf5 40. g4+ Kf6 41. Rc4 Ke5 42. bxa5 bxa5 43. Rc5+ Kf4 44. Rxa5 Kxf3 45. Rxg5 Kf4 46. Rb5 Kxg4 47. a5 Ra7 48. Kf2 Kf4 49. Ke2 Ke4 50. Kd2 Kd4 1/2-1/2

[Event "Taastrup Quick Weekend 5th M1"]
[Site "Taastrup"]
[Date "2007.04.22"]
[Round "5"]
[White "Stanislaus, Johann"]
[Black "Skydsgaard, Sune"]
[Result "0-1"]
[WhiteElo "1669"]
[BlackElo "1929"]
[PlyCount "68"]
[EventDate "2007.04.20"]
[EventType "tourn"]
[EventRounds "5"]
[EventCountry "DEN"]
[SourceTitle "EXT 2023"]
[Source "ChessBase"]
[SourceDate "2022.10.05"]
[SourceVersion "1"]
[SourceVersionDate "2022.10.05"]
[SourceQuality "1"]

1. d4 d5 2. Nf3 Nf6 3. c4 c6 4. Nc3 g6 5. e3 Bg7 6. b3 0-0 7. Bb2 b6 8. g3 Bb7 9. cxd5 Nxd5 10. Nxd5 Qxd5 11. Bc4 Qd8 12. 0-0 Nd7 13. Re1 c5 14. Be2 Rc8 15. Rc1 Re8 16. Ba1 cxd4 17. Rxc8 Qxc8 18. Bxd4 Nc5 19. Bxg7 Kxg7 20. b4 Ne4 21. Bf1 Rd8 22. Qa1+ Qc3 23. Bg2 Qxa1 24. Rxa1 Nc3 25. a3 a5 26. bxa5 bxa5 27. Nd4 Bc8 28. Nc6 Rd2 29. Nxa5 Nd1 30. Nc4 Rd8 31. Ne5 Nc3 32. a4 Nxa4 33. Rxa4 Rd1+ 34. Bf1 Bh3 0-1

[Event "Taastrup Quick Weekend 5th M1"]
[Site "Taastrup"]
[Date "2007.04.21"]
[Round "2"]
[White "Stanislaus, Johann"]
[Black "Nielsen, Jan Mose"]
[Result "0-1"]
[WhiteElo "1669"]
[BlackElo "2131"]
[PlyCount "90"]
[EventDate "2007.04.20"]
[EventType "tourn"]
[EventRounds "5"]
[EventCountry "DEN"]
[SourceTitle "EXT 2023"]
[Source "ChessBase"]
[SourceDate "2022.10.05"]
[SourceVersion "1"]
[SourceVersionDate "2022.10.05"]
[SourceQuality "1"]

1. d4 d5 2. c4 c6 3. Nc3 Nf6 4. Nf3 a6 5. cxd5 cxd5 6. Bf4 e6 7. a3 Be7 8. e3 Nc6 9. b4 0-0 10. Bd3 b5 11. Qc2 Bb7 12. Ne5 Rc8 13. Rc1 h6 14. 0-0 Nxe5 15. Bxe5 Nd7 16. Bg3 Nb6 17. Qe2 Qd7 18. Bf4 Rfd8 19. Qh5 Bf8 20. g4 Qe8 21. Qh3 f6 22. g5 fxg5 23. Bxg5 Rd7 24. f3 Rdc7 25. Ne2 Rxc1 26. Rxc1 Rxc1+ 27. Nxc1 Qc8 28. Ne2 hxg5 29. Bg6 Bd6 30. Qh7+ Kf8 31. Qh8+ Ke7 32. Qxg7+ Kd8 33. Bf7 Qd7 34. Qxg5+ Kc7 35. Qg6 Bc8 36. e4 dxe4 37. fxe4 e5 38. d5 Qh3 39. Ng3 Qg4 40. Qh7 Qh3 41. Qg6 Qg4 42. Qxg4 Bxg4 43. h4 Nc4 44. Bh5 Bxh5 45. Nxh5 Be7 0-1

[Event "Taastrup Quick Weekend 5th M1"]
[Site "Taastrup"]
[Date "2007.04.20"]
[Round "1"]
[White "Strom, Ebbe"]
[Black "Stanislaus, Johann"]
[Result "0-1"]
[WhiteElo "1682"]
[BlackElo "1669"]
[PlyCount "40"]
[EventDate "2007.04.20"]
[EventType "tourn"]
[EventRounds "5"]
[EventCountry "DEN"]
[SourceTitle "EXT 2023"]
[Source "ChessBase"]
[SourceDate "2022.10.05"]
[SourceVersion "1"]
[SourceVersionDate "2022.10.05"]
[SourceQuality "1"]

1. b4 d5 2. Bb2 Nf6 3. e3 Bf5 4. Nf3 e6 5. b5 Nbd7 6. c4 Nb6 7. cxd5 Nbxd5 8. a3 Rc8 9. Be2 Be7 10. 0-0 0-0 11. d3 Bg6 12. Nbd2 c6 13. bxc6 Rxc6 14. Nd4 Rc8 15. Nc4 Nd7 16. Bf3 Nc5 17. Be2 Bf6 18. g3 a6 19. Nb3 Bxb2 20. Nxb2 Nc3 0-1